The concise Oxford dictionary of music (Record no. 4502)

MARC details
000 -LEADER
fixed length control field 00658nam a2200241 i 4500
001 - CONTROL NUMBER
control field C2-0021610
003 - CONTROL NUMBER IDENTIFIER
control field PPAK
005 - DATE AND TIME OF LATEST TRANSACTION
control field 20190630221956.0
008 - FIXED-LENGTH DATA ELEMENTS--GENERAL INFORMATION
fixed length control field 970203s1980 enk |||| ||||| | eng d
020 ## - INTERNATIONAL STANDARD BOOK NUMBER
International Standard Book Number 0193113201
040 ## - CATALOGING SOURCE
Original cataloging agency PPAK
Language of cataloging eng
Transcribing agency PPAK
Description conventions rda
082 04 - DEWEY DECIMAL CLASSIFICATION NUMBER
Classification number 780.3
Edition number 23
090 00 - LOCALLY ASSIGNED LC-TYPE CALL NUMBER (OCLC); LOCAL CALL NUMBER (RLIN)
Classification number (OCLC) (R) ; Classification number, CALL (RLIN) (NR) 780.3
Feature heading KEN
Feature heading R
100 1# - MAIN ENTRY--PERSONAL NAME
Personal name Kennedy, Michael,
Relator term author
245 14 - TITLE STATEMENT
Title The concise Oxford dictionary of music
264 #1 - PRODUCTION, PUBLICATION, DISTRIBUTION, MANUFACTURE, AND COPYRIGHT NOTICE
Place of production, publication, distribution, manufacture London :
Name of producer, publisher, distributor, manufacturer Oxford University Press ,
Date of production, publication, distribution, manufacture, or copyright notice 1980
300 ## - PHYSICAL DESCRIPTION
Extent vii, 724 pages ;
Dimensions 20 cm
336 ## - CONTENT TYPE
Source rdacontent
Content type term text
337 ## - MEDIA TYPE
Source rdamedia
Media type term unmediated
338 ## - CARRIER TYPE
Source rdacarrier
Carrier type term volume
650 10 - SUBJECT ADDED ENTRY--TOPICAL TERM
Topical term or geographic name entry element Music - dictionaries
942 ## - ADDED ENTRY ELEMENTS (KOHA)
-- dc
Koha item type Book
Holdings
Withdrawn Not for loan Current library Shelving location Date acquired Full call number Barcode Date last seen Koha item type
  Not For Loan Perpustakaan Alor Setar Rujukan Dewasa 06/12/1997 R 780.3 KEN A00100538 08/05/2018 Book
  Not For Loan Perpustakaan Alor Setar Rujukan Dewasa 06/12/1997 R 780.3 KEN A00100539 08/05/2018 Book
  Not For Loan Perpustakaan Jitra Rujukan Dewasa 22/03/2004 R 780.3 KEN A00846569 08/05/2018 Book
  Not For Loan Perpustakaan Kulim Rujukan Dewasa 10/04/2004 R 780.3 KEN A00344369 08/05/2018 Book